| 000 | 00731cam a2200241 4500 | ||
|---|---|---|---|
| 001 | 5043 | ||
| 005 | 20230228165821.0 | ||
| 008 | 090422s2009 ii a 000 0 eng d | ||
| 010 | _a 2009311374 | ||
| 020 | _a0143330489 | ||
| 020 | _a9780143330486 | ||
| 020 | _a978-0-143-33300-5 | ||
| 100 | 1 |
_aGokhale, Namita, _d1956- |
|
| 245 | 1 | 4 |
_aThe Puffin Mahabharata / _cNamita Gokhale ; illustrated by Suddhasattwa Basu. |
| 246 | 3 | 0 | _aMahabharata |
| 260 |
_aNew Delhi, India : _bPuffin Books, _c2009. |
||
| 300 |
_a185 p. : _bcol. ill. ; _c26 cm. |
||
| 520 | _aRetold; for young readers. | ||
| 630 | 0 | 0 |
_aMahabharata _vParaphrases, English. |
| 730 | 0 | _aMahabharata. | |
| 942 |
_2ddc _cMAIN |
||
| 999 |
_c4213 _d4213 |
||